Best Episodes of The Simpsons - Statistics

General Stats
  • This quiz has been taken 64 times
    42 since last reset
  • The average score is 10 of 15
Answer Stats
Season Episode Rating Description Episode % Correct
6 6 9.2 The family's job at Mr. Burns' country estate goes awry when Homer goes mad; Homer's attempt to repair a toaster results in inadvertent time travel; The school staff turn cannibalistic. Treehouse of Horror V
97%
6 25 9.2 After Mr. Burns steals oil from Springfield Elementary and blocks out the sun, an unknown person shoots him. Who Shot Mr. Burns? Part One
86%
7 1 9.0 Mr. Burns is hospitalized while the investigation into his shooter begins: although every citizen has a motivation, traces of Simpson DNA narrows down the list of suspects. Who Shot Mr. Burns? Part Two
86%
4 12 9.1 After receiving a considerable donation of money, Springfield builds a monorail system with Homer as the conductor, unaware they've just boarded a one-way train to Hell. Marge vs. the Monorail
83%
8 23 9.3 Homer's laziness begets the ire of his industrious but arrogant new co-worker Frank Grimes; Bart buys a run-down factory for a dollar. Homer's Enemy
80%
5 2 9.2 After being released from prison on parole, Sideshow Bob plots to murder Bart. Cape Feare
66%
6 9 9.0 Homer is branded as a pervert after his kids' babysitter misconstrues his retrieval of a candy from the seat of her pants as a sexual advance. Homer Badman
66%
8 10 9.1 Special Agents Mulder and Scully arrive in Springfield after Homer claims to have seen an alien. The Springfield Files
66%
8 2 9.2 The Simpsons move to Cypress Creek, where Homer unwittingly works for a charismatic supervillain; the rest of the family struggles with the transfer. You Only Move Twice
63%
4 17 9.0 When Mr. Burns revokes the plant's dental plan, forcing Lisa to be fitted with cheap, ugly braces, Homer leads its union into going on strike. Last Exit to Springfield
60%
4 3 9.0 After attributing a relaxing Sunday to his skipping church, Homer vows to never attend service again, and forms his own religion to justify his behavior. Homer the Heretic
54%
7 7 9.0 Homer intentionally gains more weight in order to qualify for disability and work from home, but soon realizes that being morbidly obese comes with its own problems. King Size Homer
54%
7 21 9.0 A series of vignettes showcasing a day in the life of various Springfield residents. 22 Short Films About Springfield
49%
9 1 9.0 Homer must travel to New York to get his car back, which is illegally parked at World Trade Center Plaza. The City of New York vs. Homer Simpson
46%
6 12 9.0 Homer becomes a member of a mysterious organization called the Stonecutters and is heralded as "the chosen one". Homer the Great
40%
No matching quizzes found
Score Distribution
Percent of People with Each Score
Percentile by Number Answered
Your Score History
You have not taken this quiz since the last reset